Plantation forestry in the tropics : (Record no. 9184)

MARC details
000 -LEADER
fixed length control field 01536cam a22003494a 4500
001 - CONTROL NUMBER
control field 13544014
003 - CONTROL NUMBER IDENTIFIER
control field OSt
005 - DATE AND TIME OF LATEST TRANSACTION
control field 20240715134121.0
008 - FIXED-LENGTH DATA ELEMENTS--GENERAL INFORMATION
fixed length control field 040331s2004 enka b 001 0 eng
010 ## - LIBRARY OF CONGRESS CONTROL NUMBER
LC control number 2004049287
020 ## - INTERNATIONAL STANDARD BOOK NUMBER
International Standard Book Number 0198529945 (hbk.)
020 ## - INTERNATIONAL STANDARD BOOK NUMBER
International Standard Book Number 0198509472 (pbk.)
040 ## - CATALOGING SOURCE
Original cataloging agency DLC
Transcribing agency MUST
Modifying agency DLC
042 ## - AUTHENTICATION CODE
Authentication code pcc
043 ## - GEOGRAPHIC AREA CODE
Geographic area code w------
082 ## - DEWEY DECIMAL CLASSIFICATION NUMBER
Classification number 306.349 EVA 2004
100 1# - MAIN ENTRY--PERSONAL NAME
Personal name Evans, Julian,
Dates associated with a name 1946-
9 (RLIN) 18725
245 10 - TITLE STATEMENT
Title Plantation forestry in the tropics :
Remainder of title the role, silviculture, and use of planted forests for industrial, social, environmental, and agroforestry purposes /
Statement of responsibility, etc. Julian Evans, John W. Turnbull.
250 ## - EDITION STATEMENT
Edition statement 3rd ed.
260 ## - PUBLICATION, DISTRIBUTION, ETC. (IMPRINT)
Place of publication, distribution, etc. Oxford ;
-- New York :
Name of publisher, distributor, etc. Oxford University Press,
Date of publication, distribution, etc. 2004.
300 ## - PHYSICAL DESCRIPTION
Extent xiii, 467 p. :
Other physical details ill. ;
Dimensions 26 cm.
504 ## - BIBLIOGRAPHY, ETC. NOTE
Bibliography, etc Includes bibliographical references (p. 395-448) and indexes.
650 #0 - SUBJECT ADDED ENTRY--TOPICAL TERM
Topical term or geographic name as entry element Tree farms
Geographic subdivision Tropics.
9 (RLIN) 18726
650 #0 - SUBJECT ADDED ENTRY--TOPICAL TERM
Topical term or geographic name as entry element Forests and forestry
Geographic subdivision Tropics.
9 (RLIN) 18727
700 1# - ADDED ENTRY--PERSONAL NAME
Personal name Turnbull, J. W.
Fuller form of name (John W.)
9 (RLIN) 18728
856 42 - ELECTRONIC LOCATION AND ACCESS
Materials specified Publisher description
Uniform Resource Identifier http://www.loc.gov/catdir/enhancements/fy0618/2004049287-d.html
856 41 - ELECTRONIC LOCATION AND ACCESS
Materials specified Table of contents only
Uniform Resource Identifier http://www.loc.gov/catdir/enhancements/fy0618/2004049287-t.html
856 42 - ELECTRONIC LOCATION AND ACCESS
Materials specified Contributor biographical information
Uniform Resource Identifier http://www.loc.gov/catdir/enhancements/fy0725/2004049287-b.html
906 ## - LOCAL DATA ELEMENT F, LDF (RLIN)
a 7
b cbc
c orignew
d 1
e ocip
f 20
g y-gencatlg
942 ## - ADDED ENTRY ELEMENTS (KOHA)
Source of classification or shelving scheme Dewey Decimal Classification
Koha item type Open Shelf
Holdings
Withdrawn status Lost status Source of classification or shelving scheme Damaged status Not for loan Home library Current library Date acquired Source of acquisition Inventory number Total Checkouts Full call number Barcode Date last seen Price effective from Koha item type
    Dewey Decimal Classification     MUST Main Library MUST Main Library 15/07/2024 Donation 2007/28700   306.349 EVA 2004 2024-21964 15/07/2024 15/07/2024 Open Shelf